Teoría e ideología de la interpretación constitucional
Furkejuvvon:
| Váldodahkki: | |
|---|---|
| Materiálatiipa: | Girji |
| Giella: | espánnjágiella |
| Almmustuhtton: |
Madrid
Trotta
2008
|
| Ráidu: | Mínima Trotta
|
| Fáttát: | |
| Fáddágilkorat: |
Lasit fáddágilkoriid
Eai fáddágilkorat, Lasit vuosttaš fáddágilkora!
|
MARC
| LEADER | 00000nam a2200000 a 4500 | ||
|---|---|---|---|
| 001 | UCI9721 | ||
| 003 | CL-VaPUC | ||
| 008 | 081204e20080000SP |||||||||||||||||spa|d | ||
| 020 | |a 9788481649819 | ||
| 082 | 0 | 4 | |a 342.46 |b GUA |2 21 |
| 100 | 0 | |a Guastini, Riccardo |e author |9 485782 | |
| 245 | 1 | 0 | |a Teoría e ideología de la interpretación constitucional |
| 300 | |a 102 p | ||
| 942 | |c BK | ||
| 945 | |d 20081204 00:00:00 |a rbrito | ||
| 260 | |a Madrid |b Trotta |c 2008 | ||
| 650 | 0 | |a Interpretación de la ley |9 257376 | |
| 650 | 0 | |a Derecho constitucional |9 222588 | |
| 650 | 0 | |a Constitución política |9 336925 | |
| 583 | |a last modification |c 20131001 01:45:57 |k Rodrigo Vera | ||
| 490 | 0 | |a Mínima Trotta | |
| 999 | |c 332203 |d 332201 | ||
| 952 | |0 0 |1 0 |4 0 |6 342_460000000000000_GUA_2008 |7 0 |8 A |9 419685 |a BIBDER |b BIBDER |d 2019-11-22 |i 4587081 |o 342.46 GUA 2008 |p 4587081 |r 2023-01-25 |w 2019-11-22 |y BK |k DER | ||